Higher Engineering Mathematics (Record no. 14707)
[ view plain ]
| 000 -LEADER | |
|---|---|
| fixed length control field | 00374nam a22001457a 4500 |
| 020 ## - INTERNATIONAL STANDARD BOOK NUMBER | |
| ISBN | 9780070634190 |
| 082 ## - DEWEY DECIMAL CLASSIFICATION NUMBER | |
| Classification number | 519.062 |
| Item number | RAM/HI |
| 100 ## - MAIN ENTRY--AUTHOR NAME | |
| Personal name | Ramana B.V. |
| 245 ## - TITLE STATEMENT | |
| Title | Higher Engineering Mathematics |
| 250 ## - EDITION STATEMENT | |
| Edition statement | 1 |
| 260 ## - PUBLICATION, DISTRIBUTION, ETC. (IMPRINT) | |
| Place of publication | New Delhi |
| Name of publisher | Tata McGraw Hill Education Private Limited |
| Year of publication | 2014 |
| 300 ## - PHYSICAL DESCRIPTION | |
| Number of Pages | 33.21 |
| 490 ## - SERIES STATEMENT | |
| Series statement | Core Engineering Series |
| 942 ## - ADDED ENTRY ELEMENTS (KOHA) | |
| Koha item type | Book Bank scheme for SC students |
| Withdrawn status | Lost status | Damaged status | Home library | Current library | Shelving location | Date acquired | Source of acquisition | Cost, normal purchase price | Full call number | Accession Number | Koha item type | Collection code |
|---|---|---|---|---|---|---|---|---|---|---|---|---|
| KAUAET | KAUAET | Scheme | 19/08/2016 | Penta Books Distributors, Calicut. | 715.00 | 519.062 RAM/HI | BB 405 | Book Bank scheme for SC students | ||||
| KAUAET | KAUAET | Scheme | 26/08/2016 | Dream Tech Publishers & Book Sellers, Trivandrum. | 715.00 | 519.062 RAM/HI | BB 368 | Book Bank scheme for SC students | ||||
| KAUAET | KAUAET | General Stacks | 24/03/2017 | Penta Book Distributors | 725.00 | 519.062 RAM/HI | 25137 | Book Bank scheme for SC students | ||||
| KAUAET | KAUAET | General Stacks | 24/03/2017 | Penta Book Distributors | 725.00 | 519.062 RAM/HI | 25138 | Book Bank scheme for SC students |
